Game of Thrones Epic Trivia #1 - Statistics

General Stats
  • This quiz has been taken 219 times
  • The average score is 14 of 27
Answer Stats
Question Answer % Correct
What is Ned Starks full name? Eddard Stark
97%
What is the Bastard name of Dorne? Sand
93%
Who was known as the Red Viper? Oberyn Martell
87%
Who is the leader of the unsullied? Grey Worm
82%
Who is Balon Greyjoy's brother and now king of the Iron Islands? Euron Greyjoy
79%
What is the regional capital of the Reach? Highgarden
70%
Who said "Start the damn Joust before i piss my self!" Robert Baratheon
70%
What is name of Samwell Tarly's brother? Dickon Tarly
69%
R+L= who? Jon Snow
68%
Who was the last lord of the stormlands before Gendry? Renly Baratheon
64%
Who was the wife of Tywin Lannister? Joanna Lannister
63%
And what was their family relation? Cousins
59%
Who was the former First sword of Braavos? Syrio Forel
57%
Which part of the vale is Petyr Baelish and his family from? The fingers
55%
What does Valar Doharis mean in high Valyrian? All men must serve
53%
Who had the nickname "the cruel"? Maegor Targaryen
43%
What is the title of the ruler of the westerlands? Warden of the West
42%
Who founded house blackfyre? Daemon Blackfyre
40%
What was the name of the king who knelt? Torrhen Stark
35%
What is the name of the Valyrian steel sword of the Targaryens that is now missing? Blackfyre
30%
What is the people who inhabit the house of the undying called? Warlocks
29%
What is the name of what was formerly known as the arm of Dorne? The stepstones
25%
What is the southernmost continent in ASOIAF called? Sothoryos
24%
What family rules over the city of White Harbor? House Manderly
21%
And what are the islands located north of this continent called? Basilisk isles
8%
How did Dorne become a part of the seven kingdoms? Through Marriage
3%
What is the House Words of House Clegane? Dog eat Dog
0%
No matching quizzes found
Score Distribution
Percent of People with Each Score
Percentile by Number Answered
Your Score History
You have not taken this quiz